| 000 | 01405nam a2200373 c 4500 | ||
|---|---|---|---|
| 003 | BLK | ||
| 005 | 20240813114210.0 | ||
| 008 | 180408b bul|||||r ||||||| ||bul|| | ||
| 010 | _aKNG00085018000 | ||
| 020 |
_a978-954-307-046-6 _bиздат.: БАГРИ |
||
| 040 | _aBLK | ||
| 041 |
_aBUL _cBUL |
||
| 080 |
_aБългарска литература _b821.163.2 _x-93-34 _z821.163.2-93-34 |
||
| 100 | 1 |
_aДългъчева, Мая Георгиева _9289222 |
|
| 700 | 1 |
_aГеоргиева, Анна _eил. _9370361 |
|
| 700 | 1 |
_aСемков, Павел _eил. _9299709 |
|
| 139 |
_aДългъчева, Мая Георгиева _bД 95 |
||
| 245 | 1 | 0 |
_aКак се лекува лъвски страх без пердах _cМая Георгиева Дългъчева; ил. Анна Георгиева; ил. Павел Семков. |
| 257 | _aBGR | ||
| 260 |
_аПловдив _bБАГРИ _c2007 |
||
| 300 |
_a12 с. _bс цв. ил. _c22Х22 см |
||
| 380 | _aDX | ||
| 490 | 1 | _aКнижки в поредица | |
| 500 | _aКор. опис. | ||
| 653 | _aприказки | ||
| 653 | _aлитература за деца | ||
| 653 | _aдетска литература | ||
| 852 | _aЦб 240873 | ||
| 856 | 4 |
_qpdf _u |
|
| 856 | 4 |
_qpdf _u |
|
| 942 |
_cKNG _n0 _05 |
||
| 944 |
_aCR _c22.08.2008 _lЛиляна Коева _k30532 |
||
| 944 |
_aED _c31.01.2012 _lф / _k |
||
| 999 |
_c80530 _d80530 |
||